|
|
|
|
| LEADER |
00000cam a22000004a 4500 |
| 001 |
musev2_74485 |
| 003 |
MdBmJHUP |
| 005 |
20230905051720.0 |
| 006 |
m o d |
| 007 |
cr||||||||nn|n |
| 008 |
100712s1995 mx o 00 0 spa d |
| 020 |
|
|
|a 9786076287903
|
| 020 |
|
|
|z 9789681206277
|
| 035 |
|
|
|a (OCoLC)1151264578
|
| 040 |
|
|
|a MdBmJHUP
|c MdBmJHUP
|
| 041 |
1 |
|
|a spa
|h eng
|
| 100 |
1 |
|
|a Alba Vega, Carlos.
|
| 240 |
1 |
0 |
|a Convenience of the minuscule.
|l Spanish
|
| 245 |
1 |
3 |
|a La utilidad de lo minúsculo :
|b informalidad y microempresa en México, Centroamérica y los países andinos /
|c Carlos Alba Vega y Dirk Kruijt.
|
| 250 |
|
|
|a 1. ed.
|
| 264 |
|
1 |
|a Mexico, D.F. :
|b El Colegio de Mexico, Centro de Estudios Internacionales,
|c 1995.
|
| 264 |
|
3 |
|a Baltimore, Md. :
|b Project MUSE,
|c 2020
|
| 264 |
|
4 |
|c ©1995.
|
| 300 |
|
|
|a 1 online resource.
|
| 336 |
|
|
|a text
|b txt
|2 rdacontent
|
| 337 |
|
|
|a computer
|b c
|2 rdamedia
|
| 338 |
|
|
|a online resource
|b cr
|2 rdacarrier
|
| 490 |
0 |
|
|a Jornadas ;
|v 125
|
| 506 |
0 |
|
|a Open Access
|f Unrestricted online access
|2 star
|
| 588 |
|
|
|a Description based on print version record.
|
| 650 |
|
7 |
|a Small business.
|2 fast
|0 (OCoLC)fst01121223
|
| 650 |
|
7 |
|a Informal sector (Economics)
|2 fast
|0 (OCoLC)fst00972518
|
| 650 |
|
7 |
|a BUSINESS & ECONOMICS
|x Economics
|x Microeconomics.
|2 bisacsh
|
| 650 |
|
6 |
|a Secteur informel (Économie politique)
|z Amerique latine.
|
| 650 |
|
0 |
|a Small business
|z Latin America.
|
| 650 |
|
0 |
|a Informal sector (Economics)
|z Latin America.
|
| 651 |
|
7 |
|a Latin America.
|2 fast
|0 (OCoLC)fst01245945
|
| 655 |
|
7 |
|a Electronic books.
|2 local
|
| 700 |
1 |
|
|a Kruijt, Dirk.
|
| 710 |
2 |
|
|a Project Muse.
|e distributor
|
| 830 |
|
0 |
|a Book collections on Project MUSE.
|
| 856 |
4 |
0 |
|z Texto completo
|u https://projectmuse.uam.elogim.com/book/74485/
|